000 00329nam a2200133Ia 4500
008 240624s9999 xx 000 0 und d
041 _aeng
082 _a823 TWI
100 _aTWINING JAMES
245 _aGENEVA DECEPTION
260 _c2009
_aLondon
_bHarperCollins Publishers
300 _a547 : p. : cm. ; 17
365 _cRS
_b20
999 _c15809
_d15809